| 000 | 00520nam a22001577a 4500 | ||
|---|---|---|---|
| 005 | 20251108164255.0 | ||
| 008 | 250721s1993 xx 000 0 ara d | ||
| 082 | 1 | 4 | _a794.1/كار |
| 245 | 1 | 0 | _aكاربوف و كاسباروف في أربع بطولات للعالم في الشطرنج / |
| 250 | _aط2. | ||
| 264 | 1 |
_aدمشق : _bدار المعرفه للنشر و التوزيع و الطباعه و الترجمه، _c1993. |
|
| 300 | _a240ص | ||
| 650 | 1 | 7 | _aالشطرنج |
| 942 |
_2ddc _cBK |
||
| 999 |
_c8086 _d8086 |
||